000 00760nam a22002777a 4500
008 130423b xxu||||| |||| 00| 0 eng d
020 _a 978-81-8054-538-2
024 _cavailable
037 _cavailable
040 _ambstu library
_dmbstu library
082 _222
_a650.513 SAB
100 _aSancheti, D.C
110 _aV K Kapoor
245 _aBusiness Mathmatics
250 _a 11 th edition
260 _aNew Delhi
_bSultan Chand and Sons.
_c2009
300 _a21.7 cm
_b856 page
_f5
_g21.7 cm
600 _aBusiness Arithmatic
650 _2Business Arithmatic
700 _aSancheti, D C
710 _a Kapoor V K
270 _aNew Delhi, India
_bNew Delhi
_dIndia
365 _b355.00
_d355.00
942 _2ddc
_cBK
999 _c186
_d186